000 00789nam a22002057a 4500
999 _c63744
_d63744
005 20240530110656.0
008 171221s1994 ua fk e 000 0 ara d
040 _aEG-CaGPL
082 0 4 _221
_a708.962/
_bح ق
100 0 _aحسن عثمان
245 1 2 _aالقاهرة في باريس :
_bاعمال منسية من القرن التاسع عشر /
_cحسن عثمان .
260 _aالقاهرة :
_bالهيئة المصرية العامة للكتاب ،
_c1994 .
300 _a213 ص :
_bايض ؛
_c30 سم
650 0 7 _2qrmak
_aالفنون التشكيلية
650 0 7 _2qrmak
_aترميم الاثار
653 0 4 _aمتحف محد محمود خليل
653 0 4 _aمتحف قصر المنيل
942 _2ddc
_cBK